Ours by choice parenting through Head of Department adoption (Record no. 1456666)

MARC details
000 -LEADER
fixed length control field 00540nam a2200181Ia 4500
005 - DATE AND TIME OF LATEST TRANSACTION
control field 20250923145850.0
008 - FIXED-LENGTH DATA ELEMENTS--GENERAL INFORMATION
fixed length control field 008 250917s9999 xx 000 0 eng d
037 ## - SOURCE OF ACQUISITION
Stock number Textual
040 ## - CATALOGING SOURCE
Original cataloging agency DSWL
Language of cataloging eng
Transcribing agency DSWL
041 ## - LANGUAGE CODE
Language code of text/sound track or separate title eng
Source of code eng
084 ## - COLON CLASSIFICATION NUMBER
Classification number YX,Z1-z4;6-s,2, N92
Assigning agency DSWL
100 ## - MAIN ENTRY--PERSONAL NAME
Personal name Mehta, Nilima
9 (RLIN) 839717
245 #0 - TITLE STATEMENT
Title Ours by choice parenting through Head of Department adoption
Statement of responsibility, etc. by Nilima Mehta
260 ## - PUBLICATION, DISTRIBUTION, ETC.
Name of publisher, distributor, etc. N.A
Date of publication, distribution, etc. 1992
300 ## - PHYSICAL DESCRIPTION
Extent 123p.
942 ## - ADDED ENTRY ELEMENTS (KOHA)
Koha item type Textual
Classification part YX,Z1-z4;6-s,2, N92
Holdings
Withdrawn status Lost status Damaged status Not for loan Home library Current library Date acquired Total Checkouts Full call number Barcode Date last seen Price effective from Koha item type
        Department of Social Work Library Department of Social Work Library 2025-09-23   YX,Z1-z4;6-s,2, N92 SW0024719 2025-09-23 2025-09-23 Textual
Copyright @ Delhi University Library System